000 00550ntaaa2200193 4500
003 01
005 20251027202600.0
008 0714s1973 ag 01
040 _aAR-BaBN
_bspa
_cAR-BaBN
_eaacr
_dRIC
082 _a309.1820 G67f
100 _aGori, Gastón
_924927
245 _aLa forestal
250 _a1 ed.
260 _aBuenos Aires,
_c1974
300 _a261 p
500 _aNueva versión revisada y corregida por el autor.Estudio de las actuaciones de la empresa denominada La Forestal
650 _asociologia argentina
_924681
942 _cBK
999 _c20911
_d20911